| 000 | 00683nam a22002297a 4500 | ||
|---|---|---|---|
| 005 | 20251108175418.0 | ||
| 008 | 250721s2015 xx 000 0 ara d | ||
| 082 | 1 | 4 | _aم/305.5/بطا |
| 100 | 1 | _aبطاطو، حنا | |
| 245 | 1 | 0 | _aالعراق / |
| 250 | _aط.4. | ||
| 264 | 1 |
_aعمان : _bدار البيروني للنشر و التوزيع، _c2015. |
|
| 300 | _a3.ج. | ||
| 650 | 1 | 7 | _aالطبقات الإجتماعية |
| 650 | 1 | 7 | _aالعراق |
| 650 | 1 | 7 | _aالثورات |
| 650 | 1 | 7 | _aالتغير الإجتماعي |
| 650 | 1 | 7 | _aالتاريخ الإجتماعي |
| 700 | 1 |
_aالرزاز، عفيف _eمترجم |
|
| 942 |
_2ddc _cREF |
||
| 999 |
_c133491 _d133491 |
||